LEADER 03776nam 2200673Ia 450 001 9910963129803321 005 20251116220239.0 010 $a9786611735135 010 $a9781281735133 010 $a1281735132 010 $a9780300137682 010 $a0300137680 024 7 $a10.12987/9780300137682 035 $a(CKB)1000000000477732 035 $a(StDuBDS)BDZ0022171519 035 $a(SSID)ssj0000197796 035 $a(PQKBManifestationID)11185716 035 $a(PQKBTitleCode)TC0000197796 035 $a(PQKBWorkID)10161111 035 $a(PQKB)10115630 035 $a(StDuBDS)EDZ0000165584 035 $a(MiAaPQ)EBC3420299 035 $a(DE-B1597)485398 035 $a(OCoLC)1024020065 035 $a(DE-B1597)9780300137682 035 $a(Au-PeEL)EBL3420299 035 $a(CaPaEBR)ebr10195662 035 $a(OCoLC)923591811 035 $a(Perlego)1089590 035 $z(OCoLC)1024020065 035 $a(EXLCZ)991000000000477732 100 $a19991026d2000 uy 0 101 0 $aeng 135 $aur||||||||||| 181 $ctxt 182 $cc 183 $acr 200 10$aMarie d'Agoult $ethe rebel countess /$fRichard Bolster 205 $a1st ed. 210 $aNew Haven ;$aLondon $cYale University Press$dc2000 215 $a1 online resource (1 online resource (x, 278 p.) )$cill., ports 300 $aBibliographic Level Mode of Issuance: Monograph 311 0 $a9780300082463 311 0 $a0300082460 320 $aIncludes bibliographical references (p. [267]-272) and index. 327 $tFront matter --$tContents --$tPreface --$tChapter 1. A Soldier's Daughter --$tChapter 2. The Fall of Napoleon --$tChapter 3. The Ways of the World --$tChapter 4. Adolescence --$tChapter 5. Marriage French Style --$tChapter 6. The Wind of Revolution --$tChapter 7. Elopement --$tChapter 8. Life with Liszt --$tChapter 9. The Lovers in Italy --$tChapter 10. The Break with Liszt --$tChapter 11. The Career of Writer --$tChapter 12. Autumn Leaves --$tNotes --$tBibliography --$tIndex 330 $aTalented and resolutely independent, Marie d'Agoult (1805-76) was one of the most remarkable women of her time. Abandoning her privileged position in society, she eloped with her great love, the pianist and composer Franz Liszt, and later won fame as a writer under the penname Daniel Stern. She published fiction, articles on literature, music, art, and politics, and a history of the revolution of 1848, and she was an eloquent advocate for democracy, the eradication of poverty, and the emancipation of women. Drawing on her memoirs, letters, and other unpublished writings, Richard Bolster's engrossing biography sets Marie d'Agoult's eventful life against a backdrop of dramatic political change in France. Courted by many important figures of her day, she married a nobleman and became a member of the court of Charles X. Her passion for music eventually brought her into contact with Liszt, with whom she moved to Italy and had three children. After their idealistic romance degenerated into disenchantment, d'Agoult returned to Paris, began her writing career, and established a salon for artists, reformers, and freethinkers. Bolster explains how George Sand became d'Agoult's friend and then betrayed her by giving Balzac information about her affair with Liszt, which he used in his novel Béatrix. He concludes with a moving account of d'Agoult's last years. 606 $aAuthors, French$y19th century$vBiography 615 0$aAuthors, French 676 $a848/.709 676 $aB 700 $aBolster$b Richard$01680764 801 0$bMiAaPQ 801 1$bMiAaPQ 801 2$bMiAaPQ 906 $aBOOK 912 $a9910963129803321 996 $aMarie d'Agoult$94368159 997 $aUNINA LEADER 07615oam 2201309 c 450 001 9910411919403321 005 20260302090207.0 010 $a9783839449837 010 $a3839449839 024 7 $a10.14361/9783839449837 035 $a(CKB)4100000011249207 035 $a(DE-B1597)534923 035 $a(DE-B1597)9783839449837 035 $a(OCoLC)1198931478 035 $a(MiAaPQ)EBC6750765 035 $a(Au-PeEL)EBL6750765 035 $a(transcript Verlag)9783839449837 035 $a(MiAaPQ)EBC6956116 035 $a(Au-PeEL)EBL6956116 035 $a(oapen)https://directory.doabooks.org/handle/20.500.12854/31201 035 $a(MiAaPQ)EBC30386317 035 $a(Au-PeEL)EBL30386317 035 $a(ScCtBLL)747d6154-9701-4d74-94a2-f49fff4da683 035 $a(Perlego)1623310 035 $a(EXLCZ)994100000011249207 100 $a20260302d2020 uy 0 101 0 $ager 135 $aur||||||||||| 181 $ctxt$2rdacontent 182 $cc$2rdamedia 183 $acr$2rdacarrier 200 10$aSterbeorte$eÜber eine neue Sichtbarkeit des Sterbens in der Architektur$fKatharina Voigt 205 $a1st ed. 210 $aBielefeld$ctranscript Verlag$d2020 215 $a1 online resource (404 p.) 225 0 $aArchitekturen 300 $aA plea for the architectural transformation of the dying process and the typological autonomy, legibility and visibility of places of death. 311 08$a9783837649833 311 08$a3837649830 327 $aFrontmatter 1 Inhalt 5 Die Gestaltung von Sterbeorten als architektonische Aufgabe 9 Typologie 17 Ursprungsbedeutung, Genese und Wiedereinfu?hrung 31 Fremdenhospiz 33 Heterotopien 44 Vergleichende Betrachtung zweier Entwu?rfe von Le Corbusier 53 Einleitung 83 Bedeutungswandel des Hospizbegriffs 89 Genese der Hospiztypologie 90 Sichtbarkeit des Sterbens und des Todes in der zeitgeno?ssischen Kunst 99 Einleitung 103 Sasha Waltz: «Ko?rper», 2000 107 Hofesh Shechter: «Grand Finale», 2017 123 Sue Fox: «Kontemplationen zum Leichnam», 2005 129 Roberto Cuoghi: «Imitazione di Cristo», 2017 135 Einleitung 141 Barbara Camilla Tucholski: «Vangerin-Zyklus», 1990 145 Sasha Waltz: «noBody», 2002 161 Marvin Hu?ttermann: «Es ist so nicht gewesen», 2014 171 Gregor Schneider: «Toter Mann», 2001 177 Einleitung 181 Rimini Protokoll, Stefan Kaegi / Dominic Huber: «Nachlass - Pie?ces sans personnes», 2016 185 Gregor Schneider: «Sterberaum», 2008 201 Christian Boltanski: «Les Archives du Coeur», 2010 209 Giorgio Andreotta Calo?: «Senza Titolo (La Fine del Mondo)», 2017 217 Transfer ku?nstlerischer Positionen in die Architektur 221 Gestaltung 229 Grundlagen und Rahmenbedingungen 235 Anliegen und Ziele der Sterbebegleitung 236 Ambivalenzen und Herausforderungen 239 Sterbeorte als Lebenswelten 240 Konstitution einer Sterberolle 242 Bedarf und Bedu?rfnisse unterschiedlicher Nutzergruppen 243 Gesetzesgrundlagen und Planungshilfen 254 Raumprogramm und Fla?chenzuweisung 258 Raumbezogene Bedu?rfnisse Sterbender 263 Raumerleben und Wahrnehmungsverschiebung 267 Resonanz 278 Adaption und Aneignung 281 Lebensweltliche Pra?senz 283 Maggie's Cancer Care Centre 287 Einleitung 295 Architekturaufgabe Sterbehospiz 296 Einbindung in die Stadt 298 Programmatische Erweiterung 300 Schwellen und U?berga?nge 304 Gebrauch und Kontingenz 309 Raumtypologien institutioneller Sterbeorte 311 Gespra?che 321 Ra?umlichkeiten und Umfriedungen am Lebensende 323 Raumtypologien des Zusammenlebens 335 Nachzeichnen des Sterbeprozesses 349 Nachlass, Erinnerung und Andenken Raum geben 359 Sterbeorte - Schwellenra?ume zwischen Leben und Tod 371 Biografien 387 Dank 390 Literaturverzeichnis 392 330 $aAls Schwellenräume zwischen Leben und Tod kommt Sterbeorten eine besondere Bedeutung zu. Mit dem Überführen des Sterbens aus dem privaträumlichen Wohnumfeld in medizinische und pflegerische Institutionen wird ihre Gestaltung und Verortung im Kontext der gebauten Lebenswelt und im gesellschaftlichen Diskurs daher zur Architekturaufgabe. Katharina Voigt dokumentiert die typologische Genese von Sterbeorten, führt zeitgenössische künstlerische Positionen zur Körperlichkeit, Transformation und Räumlichkeit des Sterbens an und entwickelt daraus Grundlagen für ein angemessenes Raumgeben am Lebensende. In Gesprächen über das Sterben kommen Protagonist*innen unterschiedlicher Disziplinen zu Wort, darunter Barbara Camilla Tucholski, Charlotte Uzarewicz, Frère Alain Durand und Stefan Kaegi. Mit einer Einführung von Uta Graff. 330 1 $a»In ihrer dezidierten Auseinandersetzung mit ?Sterbe-Orten? bezieht Voigt nicht nur bauliche, sondern richtigerweise auch architekturfernere Bereiche wie die Philosophie, die Sozialwissenschaft oder auch die Biologie mit ein. Dies gelingt häufig an Stellen am besten, an denen die Idee hinter baulichen Aspekten oder solchen, gesellschaftlicher Konvention mit visuellen Darstellungen (z.B. Bildern, skizzenhaften Abbildungen) versehen sind, die für den Verständnisprozess architektonischer Praxis so elementar sind.« 330 1 $aBesprochen in:Fraunhofer IRB, 2 (2021)www.designforschung.org, 19.07.2022 410 0$aArchitekturen 517 2 $aVoigt, Sterbeorte$eÜber eine neue Sichtbarkeit des Sterbens in der Architektur 606 $aSterben 606 $aDying 606 $aTod 606 $aDeath 606 $aHospiz 606 $aPalliativmedizin 606 $aPalliative Care 606 $aArchitektur 606 $aArchitecture 606 $aGestaltung 606 $aShaping 606 $aRaumwahrnehmung 606 $aPerception of Space 606 $aKörperlichkeit 606 $aCorporeality 606 $aHistory of Architecture 606 $aArchitekturgeschichte 606 $aArchitekturtheorie 606 $aArchitectural Theory 606 $aZeitgenössische Kunst 606 $aContemporary Art 606 $aSociology of Architecture 606 $aArchitektursoziologie 606 $aErinnerungskultur 606 $aMemory Culture 606 $aPflege 606 $aCare 606 $aRaum 606 $aSpace 615 4$aSterben 615 4$aDying 615 4$aTod 615 4$aDeath 615 4$aHospiz 615 4$aPalliativmedizin 615 4$aPalliative Care 615 4$aArchitektur 615 4$aArchitecture 615 4$aGestaltung 615 4$aShaping 615 4$aRaumwahrnehmung 615 4$aPerception of Space 615 4$aKörperlichkeit 615 4$aCorporeality 615 4$aHistory of Architecture 615 4$aArchitekturgeschichte 615 4$aArchitekturtheorie 615 4$aArchitectural Theory 615 4$aZeitgenössische Kunst 615 4$aContemporary Art 615 4$aSociology of Architecture 615 4$aArchitektursoziologie 615 4$aErinnerungskultur 615 4$aMemory Culture 615 4$aPflege 615 4$aCare 615 4$aRaum 615 4$aSpace 676 $a720 700 $aVoigt$b Katharina$p

Katharina Voigt, Technische Universität München, Deutschland

$4aut$0861022 712 02$aDr. Marschall-Stiftung, TU München$4fnd$4http://id.loc.gov/vocabulary/relators/fnd 801 0$bDE-B1597 801 1$bDE-B1597 906 $aBOOK 912 $a9910411919403321 996 $aSterbeorte$91921495 997 $aUNINA